"hate that i made you love me" Ariana Grande - Statistics

General Stats
  • This quiz has been taken 35 times
  • The average score is 263 of 344
Answer Stats
Answer % Correct
hate
100%
(Hate
100%
I
100%
love
100%
made
100%
made)
100%
(made
100%
me
100%
me,
100%
that
100%
you
100%
You
100%
you)
100%
(you
100%
so
86%
the
86%
a
81%
A
81%
can
81%
can't
81%
if
81%
Sorry
76%
(Sorry
76%
to
76%
tried,
76%
tried
76%
who
76%
why
76%
Why
76%
your
76%
And
71%
and
71%
barely
71%
But
71%
Cause
71%
it
71%
like
71%
Like
71%
my
71%
(My
71%
tell
71%
Tell
71%
type
71%
type)
71%
Yeah
71%
yeah
71%
Yeah,
71%
are
67%
find
67%
from
67%
(from
67%
in
67%
on
67%
see
67%
way
67%
way)
67%
way?
67%
will
67%
flowers
62%
it's
62%
know
62%
Know
62%
moon
62%
oh
62%
(oh
62%
oh)
62%
right
62%
(right
62%
then
62%
through
62%
through)
62%
women
62%
by
57%
decide
57%
endure?
57%
something
57%
this
57%
tomb
57%
all
52%
fire
52%
inside
52%
Just
52%
of
52%
shadows
52%
think
52%
when
52%
where
52%
bad
48%
body
48%
borrowed
48%
cute
48%
dancing
48%
don't
48%
is
48%
Is
48%
news
48%
with
48%
fault
43%
kind
43%
kissed
43%
now?
43%
really
43%
sun,
43%
while
43%
bee
38%
cold
38%
crown
38%
good
38%
guess
38%
insecure
38%
projections
38%
at
33%
eclipse
33%
Eyes
33%
happening
33%
held
33%
how
33%
lit
33%
tears
33%
What's
33%
wind
33%
accord?
29%
baby)
29%
diamonds,
29%
gave
29%
goodbyes
29%
got
29%
hearts
29%
honey
29%
into
29%
I've
29%
own
29%
stuck
29%
studied
29%
Turned
29%
you've
29%
felt
24%
sky
24%
Warm,
24%
No matching quizzes found
Score Distribution
Percent of People with Each Score
Percentile by Number Answered
Your Score History
You have not taken this quiz